ARRUPE JESUIT UNIVERSITY

CORONAVIRUS -STOP THE SPREAD - CLEAN,DISINFECT,COVER

Theology brewed in an African pot : (Record no. 120022)

MARC details
000 -LEADER
fixed length control field 01044cam a22002894a 4500
001 - CONTROL NUMBER
control field 15467272
003 - CONTROL NUMBER IDENTIFIER
control field ARRUPE
005 - DATE AND TIME OF LATEST TRANSACTION
control field 20141029020007.0
008 - FIXED-LENGTH DATA ELEMENTS--GENERAL INFORMATION
fixed length control field 080929s2008 ke b 001 0 eng
010 ## - LIBRARY OF CONGRESS CONTROL NUMBER
LC control number 2008345191
020 ## - INTERNATIONAL STANDARD BOOK NUMBER
International Standard Book Number 9966083642
040 ## - CATALOGING SOURCE
Original cataloging agency DLC
Transcribing agency DLC
Modifying agency DLC
042 ## - AUTHENTICATION CODE
Authentication code lcode
043 ## - GEOGRAPHIC AREA CODE
Geographic area code f------
050 00 - LIBRARY OF CONGRESS CALL NUMBER
Classification number BT30.A35
Item number O76 2008b
300 ## - PHYSICAL DESCRIPTION
Dimensions 21 cm.
100 1# - MAIN ENTRY--PERSONAL NAME
Personal name Orobator, A. E.
Fuller form of name (Agbonkhianmeghe E.)
9 (RLIN) 8571
245 10 - TITLE STATEMENT
Title Theology brewed in an African pot :
Remainder of title an introduction to Christian doctrine from an African perspective /
Statement of responsibility, etc Agbonkhianmeghe E. Orobator.
260 ## - PUBLICATION, DISTRIBUTION, ETC. (IMPRINT)
Place of publication, distribution, etc Nairobi :
Name of publisher, distributor, etc Paulines Publications Africa,
Date of publication, distribution, etc c2008.
300 ## - PHYSICAL DESCRIPTION
Extent 152 p. ;
504 ## - BIBLIOGRAPHY, ETC. NOTE
Bibliography, etc Includes bibliographical references (p. [142]) and index.
600 10 - SUBJECT ADDED ENTRY--PERSONAL NAME
Personal name Achebe, Chinua.
Title of a work Things fall apart.
9 (RLIN) 8572
650 #0 - SUBJECT ADDED ENTRY--TOPICAL TERM
Topical term or geographic name as entry element Theology
Geographic subdivision Africa.
9 (RLIN) 8573
650 #0 - SUBJECT ADDED ENTRY--TOPICAL TERM
Topical term or geographic name as entry element Theology, Doctrinal
Geographic subdivision Africa.
9 (RLIN) 8574
906 ## - LOCAL DATA ELEMENT F, LDF (RLIN)
a 7
b cbc
c origode
d 2
e ncip
f 20
g y-gencatlg
942 ## - ADDED ENTRY ELEMENTS (KOHA)
Source of classification or shelving scheme Library of Congress Classification
Koha item type Monograph ( Printed materials)
Koha issues (borrowed), all copies 2
Holdings
Withdrawn status Lost status Source of classification or shelving scheme Damaged status Not for loan Collection code Home library Current library Shelving location Date acquired Total Checkouts Full call number Barcode Date last seen Date checked out Price effective from Koha item type
    Library of Congress Classification     Main Collection ARRUPE LIBRARY ARRUPE LIBRARY Main Collection 10/02/2014 13 BT30.A35 O76 2008b 46412113 27/04/2026 13/10/2025 10/02/2014 Monograph ( Printed materials)

 

Arrupe Library. PO Box MP320 Mt Pleasant, Harare, Zimbabwe
263 242 745411|librarian@aju.ac.zw